David y los Salmos
Uloženo v:
| Hlavní autor: | |
|---|---|
| Médium: | Kniha |
| Jazyk: | španělština |
| Vydáno: |
Madrid
Aguilar
1960
|
| Edice: | Hombres de Espíritu
|
| Témata: | |
| Tagy: |
Přidat tag
Žádné tagy, Buďte první, kdo vytvoří štítek k tomuto záznamu!
|
MARC
| LEADER | 00000nam a2200000 a 4500 | ||
|---|---|---|---|
| 001 | UCL1223 | ||
| 003 | CL-VaPUC | ||
| 008 | 030905e19600000SP |||||||||||||||||spa|d | ||
| 082 | 0 | 4 | |a 223.2092 |b BON |2 21 |
| 100 | |a Bonnes, Jean Paul |e author |9 478118 | ||
| 245 | 1 | 0 | |a David y los Salmos |
| 300 | |a 208 p | ||
| 942 | |c BK | ||
| 945 | |d 20030905 00:00:00 |a vberengu | ||
| 260 | |a Madrid |b Aguilar |c 1960 | ||
| 650 | 0 | |a Salmos |9 319607 | |
| 583 | |a last modification |c 20030905 00:00:00 |k Rodrigo Vera | ||
| 490 | 0 | |a Hombres de Espíritu | |
| 999 | |c 304867 |d 304865 | ||
| 952 | |0 0 |1 0 |4 0 |6 223_209200000000000_BON_1960 |7 0 |8 A |9 367675 |a BIBTEO |b BIBTEO |d 2019-11-21 |i 2076136 |o 223.2092 BON 1960 |p 2076136 |r 2025-01-17 |w 2019-11-21 |y BK |k ICR | ||